000 00632nam a2200217 a 4500
005 20240228064037.0
008 120615s2007 mx r 000 0 spa d
020 _a9788467518061
035 _aUPN01000185173
049 _aI
050 4 _aPZ7
_bK5.3
100 1 _aKing-Smith, Dick,
_d1922-
245 1 3 _aEl caballo de agua /
_cDick King-Smith ; tr. Xohana Bastida.
260 _aMadrid :
_bSM,
_cc2007.
300 _a135 p. :
_bil.
534 _pTitulo original:
_tThe Water Horse
650 4 _aCuentos infantiles ingleses
_910002
650 4 _aLibros y lectura para niƱos
_92290
905 _aInfantil
999 _c157276
_d157276